Southville International School and Colleges
Your cart is empty.
  • Cart
  • Lists
    Public lists Eva Luna New books Lux_list list_1
    Your lists Log in to create your own lists
  • Log in to your account
  • Your cookies
  • Search history
Southville International School and Colleges
  • Advanced search
  • Recent comments
  • Most popular
  • Libraries

Log in to your account

Log in with GOOGLE


If you do not have an external account, but do have a local account, you can still log in:

  1. Home
  2. MARC view: Elementary Statistics
Normal view MARC view ISBD view

Elementary Statistics (Record no. 9543)

[ view plain ]
MARC details
000 -LEADER
fixed length control field 00542nam a22001937a 4500
003 - CONTROL NUMBER IDENTIFIER
control field SISC
005 - DATE AND TIME OF LATEST TRANSACTION
control field 20160223131550.0
008 - FIXED-LENGTH DATA ELEMENTS--GENERAL INFORMATION
fixed length control field 130827t xxu||||| |||| 00| 0 eng d
020 ## - INTERNATIONAL STANDARD BOOK NUMBER
International Standard Book Number 9780201576825
050 ## - LIBRARY OF CONGRESS CALL NUMBER
Classification number QA 276.12
Item number .T76 1995
082 ## - DEWEY DECIMAL CLASSIFICATION NUMBER
Classification number HS 519.5
Item number T73 1994
100 ## - MAIN ENTRY--PERSONAL NAME
Personal name Triola, Mario F.
9 (RLIN) 13921
245 ## - TITLE STATEMENT
Title Elementary Statistics
Statement of responsibility, etc Mario F. Triola
260 ## - PUBLICATION, DISTRIBUTION, ETC. (IMPRINT)
Place of publication, distribution, etc United States :
Name of publisher, distributor, etc Addison-Wesley Pub. Co, 1994.
Date of publication, distribution, etc c1994.
300 ## - PHYSICAL DESCRIPTION
Extent 726p. :
Other physical details ill.;
Dimensions 28 cm.
650 ## - SUBJECT ADDED ENTRY--TOPICAL TERM
Topical term or geographic name as entry element Statistics
9 (RLIN) 1628
942 ## - ADDED ENTRY ELEMENTS (KOHA)
Source of classification or shelving scheme Library of Congress Classification
Koha item type Books
Holdings
Withdrawn status Lost status Source of classification or shelving scheme Damaged status Home library Current library Shelving location Date acquired Total Checkouts Total Renewals Full call number Barcode Date last seen Date checked out Copy number Price effective from Koha item type
    Library of Congress Classification   Luxembourg Library Luxembourg Library High School Section 08/27/2013 2 6 QA 276.12 .T76 1995 11786 12/04/2017 09/15/2017 1 08/27/2013 Books

Elementary Statistics

APA

Triola M. F., . (1994). Elementary Statistics. United States: Addison-Wesley Pub. Co, 1994.

Chicago

Triola Mario F, . 1994. Elementary Statistics. United States: Addison-Wesley Pub. Co, 1994.

Harvard

Triola M. F., . (1994). Elementary Statistics. United States: Addison-Wesley Pub. Co, 1994.

MLA

Triola Mario F, . Elementary Statistics. United States: Addison-Wesley Pub. Co, 1994. 1994.

  • Place hold
  • Print
  • Cite
  • Add to your cart (remove)
  • Save record
    BIBTEX Dublin Core MARCXML MARC (non-Unicode/MARC-8) MARC (Unicode/UTF-8) MARC (Unicode/UTF-8, Standard) MODS (XML) RIS
  • More searches
    Search for this title in:
    Other Libraries (WorldCat) Other Databases (Google Scholar) Online Stores (Bookfinder.com) Open Library (openlibrary.org)

Exporting to Dublin Core...

SOUTHVILLE LIBRARY

Southville International School and Colleges Library

1281 Tropical Ave. Cor. Luxembourg St., BF Homes International, Las Pinas City

Tel. No. 8256374 / 252358 Loc. 117/146

Powered by Koha